An introductory bibliography for the study of scripture (Record no. 7463)
[ view plain ]
| 000 -LEADER | |
|---|---|
| fixed length control field | 00673nam a2200241Ia 4500 |
| 003 - CONTROL NUMBER IDENTIFIER | |
| control field | 0100 |
| 005 - DATE AND TIME OF LATEST TRANSACTION | |
| control field | 20161209100115.0 |
| 008 - FIXED-LENGTH DATA ELEMENTS--GENERAL INFORMATION | |
| fixed length control field | 130303s9999 xx 000 0 und d |
| 020 ## - INTERNATIONAL STANDARD BOOK NUMBER | |
| International Standard Book Number | 8876535926 |
| 040 ## - CATALOGING SOURCE | |
| Transcribing agency | ARRUPELIB |
| 050 ## - LIBRARY OF CONGRESS CALL NUMBER | |
| Classification number | BS511.21990 |
| 300 ## - PHYSICAL DESCRIPTION | |
| Other physical details | 216 p. 24 cm |
| 100 ## - MAIN ENTRY--PERSONAL NAME | |
| Personal name | Fitzmyer, Joseph A |
| 9 (RLIN) | 27984 |
| 245 #3 - TITLE STATEMENT | |
| Title | An introductory bibliography for the study of scripture |
| 250 ## - EDITION STATEMENT | |
| Edition statement | 3rd |
| 260 ## - PUBLICATION, DISTRIBUTION, ETC. (IMPRINT) | |
| Place of publication, distribution, etc | Roma |
| 260 ## - PUBLICATION, DISTRIBUTION, ETC. (IMPRINT) | |
| Name of publisher, distributor, etc | Editrice pontificio istituto biblico |
| 300 ## - PHYSICAL DESCRIPTION | |
| Extent | xv |
| 440 ## - SERIES STATEMENT/ADDED ENTRY--TITLE | |
| Title | Subsidia Biblica , 3 |
| 9 (RLIN) | 27985 |
| 650 ## - SUBJECT ADDED ENTRY--TOPICAL TERM | |
| Topical term following geographic name as entry element | Bible |
| General subdivision | Study and teaching |
| -- | Bibliography |
| 9 (RLIN) | 27986 |
| 700 ## - ADDED ENTRY--PERSONAL NAME | |
| Personal name | Joseph A. Fitzmyer |
| 9 (RLIN) | 27987 |
| 942 ## - ADDED ENTRY ELEMENTS (KOHA) | |
| Source of classification or shelving scheme | Library of Congress Classification |
| Koha item type | Monograph ( Printed materials) |
| Withdrawn status | Lost status | Source of classification or shelving scheme | Damaged status | Not for loan | Collection code | Home library | Current library | Date acquired | Total Checkouts | Full call number | Barcode | Date last seen | Copy number | Price effective from | Koha item type |
|---|---|---|---|---|---|---|---|---|---|---|---|---|---|---|---|
| Library of Congress Classification | Main Collection | ARRUPE LIBRARY | ARRUPE LIBRARY | 04/03/2013 | BS511.2.F557 1990 | 46003022017 | 07/12/2016 | 1 | 04/03/2013 | Monograph ( Printed materials) |